[Event "It (open)"]
[Site "Olomouc (Czech Republic)"]
[Date "2007.08.02"]
[Round "1"]
[White "Dauth Benjamin (GER)"]
[Black "Mathon Dimitrij (CZE)"]
[Result "1-0"]
[WhiteElo "2321"]
[BlackElo "1855"]
[PlyCount "77"]
[EventDate "2007.??.??"]
[Source "www.chesslib.no"]
[SourceDate "2004.05.04"]

1. e4 e5 2. Bc4 Bc5 3. Qh5 Qf6 4. Nf3 d6 5. Nc3 Ne7 6. d3 h6 7. O-O g6 8. Qh4 Qxh4 9. Nxh4 Be6 10. Be3 Bxc4 11. Bxc5 Bxd3 12. Bxd6 cxd6 13. cxd3 Nbc6 14. Nf3 O-O 15. Rfd1 Rfd8 16. d4 a6 17. Rd2 f6 18. Rad1 Kf8 19. Kf1 Ke8 20. dxe5 dxe5 21. Rd6 Rxd6 22. Rxd6 Ng8 23. Nd5 Rc8 24. Ke1 g5 25. Nd2 Nd4 26. Kd1 Rc6 27. Rxc6 bxc6 28. Nc7+ Kd7 29. Nxa6 Ne6 30. b4 Nf4 31. Nc5+ Kc7 32. g3 Ng6 33. a4 Nf8 34. Ke2 Nd7 35. Nxd7 Kxd7 36. Nc4 Kc7 37. Ne3 Ne7 38. Nf5 Nxf5 39. exf5 1-0

[Event "FENAG Expertos grupo B"]
[Site "Guatemala Ciudad"]
[Date "2000.03.11"]
[Round "3"]
[White "Juarez Flores, Gustavo E"]
[Black "Noriega Morales, Edgar D"]
[Result "1-0"]
[WhiteElo "2174"]
[BlackElo "2000"]
[PlyCount "49"]
[EventDate "2000.03.04"]
[Source "www.chesslib.no"]
[SourceDate "2004.05.04"]

1. e4 e5 2. Bc4 Bc5 3. Nf3 d6 4. c3 h6 5. d4 exd4 6. cxd4 Bb4+ 7. Nc3 Bxc3+ 8. bxc3 Ne7 9. O-O O-O 10. Re1 d5 11. exd5 Nxd5 12. Ba3 Nf4 13. Bxf8 Kxf8 14. Qb3 b6 15. Bxf7 Bd7 16. Ne5 Qg5 17. g3 g6 18. h4 Nh3+ 19. Kh2 Qf5 20. Nxd7+ Nxd7 21. Be6 Qf3 22. Bxh3 Nf6 23. Kg1 Ne4 24. Rxe4 Qxe4 25. Bg2 1-0

[Event "DDR Ch 34. women"]
[Site "Jueterbog"]
[Date "1985.??.??"]
[Round "10"]
[White "Wagner-Michel, Annett"]
[Black "Heintze, Marion"]
[Result "0-1"]
[WhiteElo "2080"]
[BlackElo "2090"]
[PlyCount "90"]
[EventDate "1985.02.??"]
[Source "www.chesslib.no"]
[SourceDate "2004.05.04"]

1. e4 e5 2. Bc4 Bc5 3. c3 Nf6 4. d4 exd4 5. e5 Ne4 6. Bd5 f5 7. Bxe4 fxe4 8. cxd4 Bb4+ 9. Nc3 d5 10. Qh5+ g6 11. Qh6 Bf8 12. Qe3 Nc6 13. f3 Nb4 14. Kd1 exf3 15. Qxf3 Qh4 16. Nge2 Bg4 17. Qf6 Qxf6 18. exf6 Bf5 19. Bf4 Nd3 20. Nxd5 O-O-O 21. Ne7+ Bxe7 22. fxe7 Rd7 23. Bg3 Rxe7 24. Kd2 Rhe8 25. Nc3 Nxb2 26. Rae1 Nc4+ 27. Kc1 Re3 28. Rxe3 Rxe3 29. Be1 a6 30. h3 h5 31. g4 hxg4 32. hxg4 Bxg4 33. Nd5 Rh3 34. Rg1 Bf5 35. Ne7+ Kd7 36. Nxg6 Bxg6 37. Rxg6 Rh1 38. Kd1 Ne3+ 39. Ke2 Nd5 40. Rg7+ Kc6 41. a3 Nf4+ 42. Kd2 Ne6 43. Rg6 Kd5 44. Bg3 Ra1 45. Rf6 Ra2+ 0-1

[Event "15. DSenEM2003"]
[Site "?"]
[Date "2003.05.10"]
[Round "1.4"]
[White "Heil Siegfried"]
[Black "Podolnyy Jakiv"]
[Result "1/2-1/2"]
[WhiteElo "2323"]
[BlackElo "1845"]
[PlyCount "53"]
[EventDate "2003.??.??"]
[Source "www.chesslib.no"]
[SourceDate "2004.05.04"]

1. e4 e5 2. Bc4 Bc5 3. b4 Bxb4 4. c3 Ba5 5. f4 Nc6 6. Nf3 Nf6 7. fxe5 Nxe4 8. Qe2 Ng5 9. O-O O-O 10. d4 Nxf3+ 11. Qxf3 d5 12. Bxd5 Be6 13. Be4 Bc4 14. Rf2 Bb6 15. Be3 Nxe5 16. Qh5 Ng6 17. Nd2 Be6 18. Bxb7 Rb8 19. Be4 Qd7 20. Nf3 Bg4 21. Ne5 Qe6 22. Qxg4 Nxe5 23. Qxe6 fxe6 24. Bf4 Ng4 25. Rff1 e5 26. Bd5+ Kh8 27. Be6 1/2-1/2

[Event "BL2-West 9899 (Women)"]
[Site "Germany"]
[Date "1998.??.??"]
[Round "?"]
[White "Jansen, Peggy"]
[Black "Wuts, Helene"]
[Result "0-1"]
[WhiteElo "2064"]
[BlackElo "2095"]
[PlyCount "124"]
[EventDate "1998.10.??"]
[Source "www.chesslib.no"]
[SourceDate "2004.05.04"]

1. e4 e5 2. Bc4 Bc5 3. Nf3 d6 4. O-O Nf6 5. d3 O-O 6. Bg5 Bg4 7. c3 Nbd7 8. Nbd2 c6 9. b4 Bb6 10. a4 a5 11. Qb3 axb4 12. cxb4 Qe8 13. h3 Be6 14. Bxe6 fxe6 15. a5 Bc7 16. d4 d5 17. dxe5 Nxe5 18. Nxe5 Bxe5 19. Rae1 Qb8 20. Nf3 Nd7 21. Qe3 Bf4 22. Qc3 Ne5 23. Bxf4 Nxf3+ 24. Qxf3 Rxf4 25. Qc3 Qd6 26. g3 Rxe4 27. Rxe4 dxe4 28. Re1 Qd5 29. Qe3 Rd8 30. Qxe4 Qxe4 31. Rxe4 Kf7 32. Kg2 Rd3 33. g4 h6 34. h4 Rb3 35. f3 Kf6 36. Kg3 e5 37. Rc4 Ke6 38. Kf2 Kd5 39. Re4 Rd3 40. Re1 Rd4 41. Rb1 Rd2+ 42. Kg3 Kc4 43. b5 cxb5 44. Rc1+ Kb4 45. Rc7 g6 46. Rxb7 Kxa5 47. Ra7+ Kb6 48. Re7 b4 49. Re6+ Kc5 50. Rxe5+ Rd5 51. Re8 b3 52. Rb8 Kc4 53. Kf4 Rb5 54. Rc8+ Kb4 55. Rc1 b2 56. Rb1 Ka3 57. Ke4 Ka2 58. Rf1 h5 59. gxh5 Rxh5 60. Kf4 b1=Q 61. Rxb1 Kxb1 62. Kg4 Kc2 0-1

[Event "Dunajska Streda op"]
[Site "?"]
[Date "1998.??.??"]
[Round "?"]
[White "Gutdeutsch Otto"]
[Black "Machalova Maria"]
[Result "0-1"]
[WhiteElo "2175"]
[BlackElo "1975"]
[PlyCount "82"]
[EventDate "1998.??.??"]
[Source "www.chesslib.no"]
[SourceDate "2004.05.04"]

1. e4 e5 2. Bc4 Bc5 3. d3 Nc6 4. Nf3 Qe7 5. O-O Nf6 6. d4 Bb6 7. Re1 O-O 8. Bg5 h6 9. Bh4 d6 10. h3 Nb8 11. Nbd2 Nbd7 12. Nf1 Re8 13. Ng3 Nf8 14. Nh5 g5 15. Qd2 gxh4 16. Qxh6 Nxh5 17. Ng5 Be6 18. Bxe6 fxe6 19. Qxh5 exd4 20. c4 e5 21. Rad1 Nh7 22. Nf3 Rf8 23. Nxh4 Qg5 24. Qxg5+ Nxg5 25. Nf5 Nxe4 26. Nh6+ Kh7 27. Rxe4 Kxh6 28. Rd3 Kg7 29. g3 Rf6 30. Kg2 Raf8 31. f3 Rf5 32. h4 Kh7 33. a4 Bc5 34. Kf2 c6 35. Kg2 d5 36. cxd5 cxd5 37. Re2 Re8 38. Rb3 b6 39. g4 Rff8 40. a5 e4 41. Kf1 e3 0-1

[Event "Cannes op"]
[Site "Cannes"]
[Date "2000.02.21"]
[Round "2"]
[White "Delanoy, Arnaud"]
[Black "Kamenecki, Stjepan"]
[Result "1-0"]
[WhiteElo "2109"]
[BlackElo "2030"]
[PlyCount "76"]
[EventDate "2000.02.20"]
[Source "www.chesslib.no"]
[SourceDate "2004.05.04"]

1. e4 e5 2. Bc4 Bc5 3. b4 Bxb4 4. c3 Bc5 5. d4 exd4 6. Bxf7+ Kxf7 7. Qh5+ g6 8. Qxc5 Qe7 9. Qd5+ Qe6 10. Qxe6+ dxe6 11. cxd4 Nf6 12. Nc3 Rd8 13. Nf3 Nc6 14. Be3 a6 15. O-O Kg7 16. Rac1 h6 17. Rfd1 Ne7 18. h3 c6 19. Ne5 g5 20. f3 Ng6 21. Na4 Nxe5 22. dxe5 Rxd1+ 23. Rxd1 Nd7 24. Nb6 Nxb6 25. Bxb6 a5 26. Rd8 a4 27. Kf2 Ra6 28. Bc5 Ra8 29. Kg3 b5 30. Kg4 Kg6 31. Rg8+ Kf7 32. Rf8+ Kg7 33. Kh5 Bb7 34. Rf6 Rd8 35. Rxe6 Bc8 36. Rxc6 Bd7 37. Rc7 Kf7 38. Kxh6 Ke6 1-0

[Event "Sant Boi op"]
[Site "?"]
[Date "1996.??.??"]
[Round "?"]
[White "Mitjavila Badia Josep"]
[Black "Sanchez Bernandino Miguel Ang"]
[Result "1/2-1/2"]
[WhiteElo "2095"]
[BlackElo "2040"]
[PlyCount "59"]
[EventDate "1996.??.??"]
[Source "www.chesslib.no"]
[SourceDate "2004.05.04"]

1. e4 e5 2. Bc4 Bc5 3. Nf3 d6 4. d4 exd4 5. c3 d3 6. O-O Nc6 7. b4 Bb6 8. Qb3 Qe7 9. Ng5 Ne5 10. Kh1 h6 11. Nxf7 Nxc4 12. Nxh8 Be6 13. Qa4+ Bd7 14. b5 Qxe4 15. Qd1 O-O-O 16. Qh5 Bg4 17. Qg6 Qe2 18. Nd2 Ne7 19. Qxg7 Rg8 20. Qxh6 Kb8 21. Nf7 Bf3 22. Ng5 Be3 23. Qh3 Bg4 24. Qh7 Bxg5 25. Qf7 Ne5 26. Qxg8+ Nxg8 27. f4 Ne7 28. fxg5 Nf5 29. h3 Ne3 30. Rg1 1/2-1/2

[Event "Creon op-4"]
[Site "Creon"]
[Date "1999.??.??"]
[Round "?"]
[White "Appendino, J."]
[Black "Ballan, G."]
[Result "1-0"]
[WhiteElo "2180"]
[BlackElo "1940"]
[PlyCount "61"]
[EventDate "1999.08.02"]
[Source "www.chesslib.no"]
[SourceDate "2004.05.04"]

1. e4 e5 2. Bc4 Bc5 3. Nf3 Nf6 4. O-O Nc6 5. d3 h6 6. c3 d6 7. b4 Bb6 8. a4 a6 9. Qb3 Qe7 10. Be3 Bxe3 11. fxe3 Be6 12. Nbd2 Bxc4 13. Nxc4 Qe6 14. b5 Ne7 15. bxa6 bxa6 16. Qb7 Qc8 17. Rab1 Nd7 18. d4 exd4 19. exd4 O-O 20. Qxc8 Rfxc8 21. Rb7 Kf8 22. Nxd6 cxd6 23. Rxd7 d5 24. Ne5 f6 25. exd5 Ke8 26. d6 Nc6 27. Rxg7 Kf8 28. Rg3 Nxe5 29. dxe5 Ra7 30. e6 Rg7 31. Rxf6+ 1-0

[Event "10th TCh-Euro sen"]
[Site "Dresden GER"]
[Date "2008.02.12"]
[Round "2"]
[White "Schwier, M."]
[Black "Brueggemann, H."]
[Result "1-0"]
[WhiteElo "2117"]
[BlackElo "1993"]
[PlyCount "51"]
[EventDate "2008.02.11"]
[Source "www.chesslib.no"]
[SourceDate "2004.05.04"]

1. e4 e5 2. Bc4 Bc5 3. d3 Nf6 4. Bg5 d6 5. c3 c6 6. b4 Bb6 7. Nf3 O-O 8. O-O Bg4 9. h3 Bxf3 10. Qxf3 Nbd7 11. Nd2 h6 12. Bh4 Bc7 13. Bb3 b5 14. Rfe1 a5 15. a3 Qe8 16. Nf1 g5 17. Bg3 Kg7 18. Ne3 h5 19. Nf5+ Kg6 20. h4 Ng4 21. hxg5 f6 22. Nh4+ Kg7 23. g6 f5 24. Bf7 Rxf7 25. gxf7 Qxf7 26. Nxf5+ 1-0

[Event "Dreifluesse op"]
[Site "Passau"]
[Date "1998.04.11"]
[Round "4"]
[White "Urban, Rudolf"]
[Black "Beckers, Thomas"]
[Result "0-1"]
[WhiteElo "2135"]
[BlackElo "1889"]
[PlyCount "98"]
[EventDate "1998.04.10"]
[Source "www.chesslib.no"]
[SourceDate "2004.05.04"]

1. e4 e5 2. Bc4 Bc5 3. Qe2 d6 4. d3 Nc6 5. c3 Nf6 6. Be3 Bb6 7. Bb3 Be6 8. Nd2 d5 9. Bxb6 axb6 10. h3 O-O 11. g4 dxe4 12. dxe4 Bxb3 13. Nxb3 Ra4 14. Nd2 Qa8 15. a3 Rd8 16. Ngf3 Nd7 17. O-O Nc5 18. Rfd1 Nd3 19. Nf1 Nf4 20. Rxd8+ Qxd8 21. Qc2 Ra8 22. Kh2 Qf6 23. g5 Qe6 24. Ng1 Rf8 25. Ng3 f6 26. b4 fxg5 27. Qa2 Qxa2 28. Rxa2 Rd8 29. Nf3 Rd3 30. Ne1 Rxc3 31. Rc2 Rxa3 32. b5 Nd4 33. Rxc7 Ra1 34. Nf5 Rxe1 35. Rxg7+ Kf8 36. Rxb7 h5 37. Rb8+ Kf7 38. Rb7+ Ke8 39. Rb8+ Kd7 40. Rb7+ Kd8 41. Rxb6 Kc7 42. Rd6 Rxe4 43. b6+ Kb7 44. Ne3 h4 45. Rd7+ Kc8 46. Rc7+ Kb8 47. Rc4 Nf3+ 48. Kh1 Rxc4 49. Nxc4 Kb7 0-1

[Event "Halle women"]
[Site "Halle GER"]
[Date "1976.??.??"]
[Round "13"]
[White "Zahorovska, Renata"]
[Black "Richtrova, Eliska"]
[Result "1/2-1/2"]
[WhiteElo "2000"]
[BlackElo "2000"]
[PlyCount "33"]
[EventDate "1976.10.17"]
[Source "www.chesslib.no"]
[SourceDate "2004.05.04"]

1. e4 e5 2. Bc4 Bc5 3. Nc3 d6 4. Na4 Bb6 5. Nxb6 axb6 6. d3 Nc6 7. Ne2 Nf6 8. O-O O-O 9. f4 Bg4 10. h3 Bxe2 11. Qxe2 Nd4 12. Qf2 b5 13. Bb3 Nxb3 14. cxb3 Nd7 15. d4 exd4 16. Qxd4 Nc5 17. Bd2 1/2-1/2

[Event "sen.POR-ch Senioren"]
[Site "?"]
[Date "2003.09.14"]
[Round "3"]
[White "Fontes Carlos"]
[Black "Santos Julio"]
[Result "0-1"]
[WhiteElo "1847"]
[BlackElo "2123"]
[PlyCount "56"]
[EventDate "2003.??.??"]
[Source "www.chesslib.no"]
[SourceDate "2004.05.04"]

1. e4 e5 2. Bc4 Bc5 3. Qf3 Nf6 4. a3 O-O 5. b4 Bb6 6. Nc3 Bd4 7. Nge2 c6 8. Nxd4 exd4 9. Ne2 d5 10. exd5 cxd5 11. Bd3 Re8 12. h3 Nc6 13. g4 Qe7 14. Kd1 Ne4 15. Nf4 Qf6 16. Bxe4 dxe4 17. Qg3 d3 18. c3 Bd7 19. Nd5 Qe6 20. Nc7 Qb3+ 21. Ke1 Rac8 22. Nxe8 Rxe8 23. Kf1 Ne5 24. Qf4 Bc6 25. Kg2 e3+ 26. Kg3 Bxh1 27. fxe3 Ng6 28. h4 Nxf4 0-1

[Event "Ch France (team) (nat.1) 2007/08"]
[Site "France"]
[Date "2007.12.15"]
[Round "4"]
[White "Voisembert Alain (FRA)"]
[Black "Hubert Raphael (FRA)"]
[Result "1/2-1/2"]
[WhiteElo "2127"]
[BlackElo "1838"]
[PlyCount "59"]
[EventDate "2007.??.??"]
[Source "www.chesslib.no"]
[SourceDate "2004.05.04"]

1. e4 e5 2. Bc4 Bc5 3. c3 Nf6 4. d4 exd4 5. cxd4 Bb4+ 6. Bd2 Bxd2+ 7. Nxd2 d5 8. exd5 Nxd5 9. Qb3 c6 10. Ne2 O-O 11. O-O Nb6 12. Bd3 Bg4 13. f3 Be6 14. Qc2 f5 15. Rfe1 Nd5 16. Bc4 Kh8 17. Bxd5 Bxd5 18. Rad1 Nd7 19. b3 Qg5 20. Nc3 Nb6 21. Re5 Rae8 22. Rde1 Rxe5 23. Rxe5 Nd7 24. Re1 Qh4 25. Kf1 Qxh2 26. Nxd5 Qh1+ 27. Kf2 Qh4+ 28. Kf1 Qh1+ 29. Kf2 Qh4+ 30. Kf1 1/2-1/2

[Event "Plzen"]
[Site "?"]
[Date "2000.??.??"]
[Round "?"]
[White "Weiss Oliver"]
[Black "Janke Georg"]
[Result "1-0"]
[WhiteElo "2140"]
[BlackElo "1820"]
[PlyCount "47"]
[EventDate "2000.??.??"]
[Source "www.chesslib.no"]
[SourceDate "2004.05.04"]

1. e4 e5 2. Bc4 Bc5 3. Nf3 Nf6 4. Nxe5 O-O 5. d4 Bb6 6. Nc3 d6 7. Nf3 Ba5 8. Bg5 Re8 9. e5 Nc6 10. O-O dxe5 11. dxe5 Qxd1 12. Raxd1 Ng4 13. Bb5 Bxc3 14. Bxc6 bxc6 15. bxc3 Nxe5 16. Nxe5 f6 17. Bxf6 gxf6 18. Nxc6 Bf5 19. Nb4 Kf7 20. Nd5 Re2 21. Rfe1 Rae8 22. Rxe2 Rxe2 23. Kf1 Rxc2 24. Ne3 1-0

[Event "WYCC 2008 U16 girls"]
[Site "Vung Tau City VIE"]
[Date "2008.10.29"]
[Round "10.8"]
[White "Niji, A."]
[Black "Shakryan, Zozan"]
[Result "1/2-1/2"]
[WhiteElo "2057"]
[BlackElo "1899"]
[PlyCount "48"]
[EventDate "2008.10.20"]
[Source "www.chesslib.no"]
[SourceDate "2004.05.04"]

1. e4 e5 2. Bc4 Bc5 3. Nf3 d6 4. d3 Nf6 5. Be3 Bb6 6. Nc3 O-O 7. O-O Bg4 8. h3 Bh5 9. Kh2 c6 10. Bxb6 axb6 11. Rg1 Nbd7 12. Qc1 Kh8 13. g4 Bg6 14. Nh4 d5 15. Bb3 Nc5 16. f3 Nxb3 17. axb3 d4 18. Ne2 Nd7 19. Rxa8 Qxa8 20. f4 Qd8 21. Nf3 f6 22. f5 Be8 23. Nh4 c5 24. Qd2 b5 1/2-1/2

[Event "Politiken Cup 24th"]
[Site "Copenhagen"]
[Date "2002.07.15"]
[Round "1"]
[White "Nielsen, Max"]
[Black "Raunkjaer, Jonas"]
[Result "1-0"]
[WhiteElo "2246"]
[BlackElo "1702"]
[PlyCount "45"]
[EventDate "2002.07.15"]
[Source "ChessBase"]
[SourceDate "2002.09.11"]

1. e4 e5 2. Bc4 Bc5 3. Nf3 d6 4. c3 Nf6 5. d4 exd4 6. cxd4 Bb6 7. O-O O-O 8. Nc3 Bg4 9. Be2 Nc6 10. d5 Ne7 11. h3 Bh5 12. Bg5 Nd7 13. Na4 f6 14. Nxb6 cxb6 15. Bf4 Nc5 16. Nd2 Bg6 17. f3 f5 18. Bg5 fxe4 19. b4 exf3 20. bxc5 fxe2 21. Qxe2 Re8 22. Qe6+ Kh8 23. cxd6 1-0

[Event "Zimski Winter Open"]
[Site "?"]
[Date "2005.01.23"]
[Round "2"]
[White "Koprivica Cedomir"]
[Black "Masovic Bogosav"]
[Result "1/2-1/2"]
[WhiteElo "2071"]
[BlackElo "1865"]
[PlyCount "46"]
[EventDate "2005.??.??"]
[Source "www.chesslib.no"]
[SourceDate "2004.05.04"]

1. e4 e5 2. Bc4 Bc5 3. Nf3 d6 4. h3 h6 5. O-O Nf6 6. Nc3 O-O 7. d3 Nc6 8. a3 a6 9. Nd5 Nd4 10. c3 Nxf3+ 11. Qxf3 Nxd5 12. Bxd5 c6 13. Ba2 Qc7 14. Qh5 Be6 15. Bb1 f5 16. Qe2 f4 17. Qh5 Bf7 18. Qd1 Qe7 19. d4 Ba7 20. Ba2 Bxa2 21. Rxa2 Qe6 22. d5 cxd5 23. exd5 Qd7 1/2-1/2

[Event "Mfr.2004/05"]
[Site "?"]
[Date "2004.11.07"]
[Round "2.2"]
[White "Reuter Roland"]
[Black "Kirchner Norbert"]
[Result "0-1"]
[WhiteElo "1866"]
[BlackElo "2066"]
[PlyCount "29"]
[EventDate "2004.??.??"]
[Source "www.chesslib.no"]
[SourceDate "2004.05.04"]

1. e4 e5 2. Bc4 Bc5 3. Nf3 d6 4. O-O Bg4 5. d3 Qf6 6. Nbd2 Ne7 7. c3 Ng6 8. h3 h5 9. Qb3 Bb6 10. hxg4 hxg4 11. Bxf7+ Qxf7 12. Qxf7+ Kxf7 13. Ng5+ Kf6 14. Nc4 Nf4 15. Nxb6 0-1

[Event "Mehlingen PSB-ch MAT1"]
[Site "Mehlingen"]
[Date "1999.03.28"]
[Round "3"]
[White "Smeyts, Peter"]
[Black "Busch, Lorenz"]
[Result "1/2-1/2"]
[WhiteElo "1929"]
[BlackElo "1950"]
[PlyCount "102"]
[EventDate "1999.??.??"]
[Source "www.chesslib.no"]
[SourceDate "2004.05.04"]

1. e4 e5 2. Bc4 Bc5 3. d3 Nc6 4. Nc3 d6 5. Na4 Bb6 6. Nxb6 axb6 7. a3 h6 8. f4 Nf6 9. Nf3 O-O 10. O-O exf4 11. Bxf4 Be6 12. Nd2 d5 13. exd5 Nxd5 14. c3 Nxf4 15. Rxf4 Bxc4 16. Nxc4 b5 17. Ne3 Ne5 18. d4 Qg5 19. Re4 Ng6 20. Qf3 Rae8 21. Nc2 Qd2 22. Rae1 Rxe4 23. Qxe4 f5 24. Qe6+ Kh7 25. Qe2 Qxe2 26. Rxe2 Rf7 27. Nb4 Re7 28. Kf2 Rxe2+ 29. Kxe2 Nf4+ 30. Kf3 g5 31. g3 Ne6 32. Nd5 Kg7 33. Nb4 Kf6 34. Nd3 c6 35. b3 Nc7 36. Nc5 Nd5 37. c4 bxc4 38. bxc4 Nb6 39. Nxb7 Nxc4 40. a4 Ke6 41. Nd8+ Kd5 42. Nf7 Kxd4 43. Nxh6 Ne5+ 44. Ke2 f4 45. gxf4 gxf4 46. Nf5+ Kc4 47. h4 Kb4 48. Ne7 f3+ 49. Ke3 c5 50. h5 c4 51. Nd5+ Kxa4 1/2-1/2

[Event "Klatovy op-A"]
[Site "Klatovy"]
[Date "1998.??.??"]
[Round "?"]
[White "Dvorak, Premysl"]
[Black "Ledvina, J."]
[Result "1-0"]
[WhiteElo "1940"]
[BlackElo "1920"]
[PlyCount "163"]
[EventDate "1998.??.??"]
[Source "www.chesslib.no"]
[SourceDate "2004.05.04"]

1. e4 e5 2. Bc4 Bc5 3. c3 Qh4 4. Qe2 Nc6 5. Nf3 Qe7 6. O-O d6 7. h3 Be6 8. b4 Bb6 9. Bb3 h6 10. d3 a5 11. Bxe6 Qxe6 12. b5 Na7 13. a4 Ne7 14. Be3 Nac8 15. c4 O-O 16. Nc3 c6 17. Rab1 Bd8 18. d4 f5 19. dxe5 dxe5 20. Bc5 Re8 21. bxc6 bxc6 22. Rfd1 Bc7 23. Rb7 Bd6 24. exf5 Nxf5 25. Ne4 Nd4 26. Qd3 Nxf3+ 27. Qxf3 Bf8 28. Bxf8 Rxf8 29. Nc5 Qe8 30. Qg4 Rf7 31. Rxf7 Kxf7 32. Rd7+ Ne7 33. Ne4 Kf8 34. Nd6 Qg6 35. Qf3+ Qf6 36. Qd3 Qg6 37. Qe3 Qe6 38. Qf3+ Kg8 39. Qg4 Qxg4 40. hxg4 Kf8 41. Nb7 Kf7 42. Rd6 Ra6 43. f3 Nc8 44. Nd8+ Ke7 45. Rxc6 Rxc6 46. Nxc6+ Kd6 47. Nxa5 Kc5 48. Kf2 Nb6 49. Ke3 Nxa4 50. Ke4 Kd6 51. Nb3 Ke6 52. g3 Nb6 53. Kd3 Nc8 54. Nc5+ Kd6 55. Ne4+ Ke6 56. Nc5+ Kd6 57. Nb7+ Kc7 58. Na5 Kd6 59. Ke4 Ne7 60. Nb3 Ke6 61. f4 exf4 62. gxf4 g6 63. c5 h5 64. Nd4+ Kf7 65. g5 h4 66. Kf3 h3 67. Kg3 Nd5 68. Ne2 h2 69. Kxh2 Nc7 70. Nd4 Ke7 71. Kg3 Na6 72. c6 Kd6 73. f5 gxf5 74. Kf4 Nc7 75. Kxf5 Ke7 76. g6 Ne8 77. Ne6 Nd6+ 78. Ke5 Nc4+ 79. Kd5 Nb6+ 80. Kc5 Nc8 81. g7 Kf7 82. c7 1-0

[Event "Corr"]
[Site "?"]
[Date "1999.12.28"]
[Round "?"]
[White "Raijmaekers Kees"]
[Black "Hakuc Waclaw"]
[Result "1/2-1/2"]
[WhiteElo "2063"]
[BlackElo "1785"]
[PlyCount "84"]
[EventDate "1999.??.??"]
[Source "www.chesslib.no"]
[SourceDate "2004.05.04"]

1. e4 e5 2. Bc4 Bc5 3. c3 Qg5 4. Qf3 Qg6 5. d3 d6 6. h3 Nf6 7. Nd2 O-O 8. Ne2 Nc6 9. a4 a6 10. b4 Bb6 11. O-O Be6 12. Ng3 Ne7 13. Re1 Nd7 14. a5 Ba7 15. Bb2 f5 16. Bxe6+ Qxe6 17. d4 fxe4 18. Qxe4 d5 19. Qe2 Ng6 20. Nb3 Rae8 21. Bc1 Qc6 22. Qb2 Nf4 23. Rd1 Qg6 24. Be3 c6 25. Nc5 Nxc5 26. bxc5 Re7 27. Qb3 Bb8 28. c4 dxc4 29. Qxc4+ Nd5 30. Ra3 exd4 31. Bxd4 Bc7 32. Qb3 Rfe8 33. Nf1 Kh8 34. Qb1 Qh5 35. Rb3 Bxa5 36. Rxb7 Bc7 37. Kh1 a5 38. Ra7 Qg5 39. Qd3 Qf4 40. Qa6 Nb4 41. Qc4 Qe4 42. f3 Qg6 1/2-1/2

[Event "II Open internazionale"]
[Site "Lugano SVI"]
[Date "2008.03.14"]
[Round "3.16"]
[White "Horton-Kitchlew, Andrew"]
[Black "Maffioli, Massimo"]
[Result "1-0"]
[WhiteElo "2091"]
[BlackElo "1736"]
[PlyCount "69"]
[EventDate "2008.03.13"]
[Source "www.chesslib.no"]
[SourceDate "2004.05.04"]

1. e4 e5 2. Bc4 Bc5 3. d4 Bxd4 4. Nf3 Nf6 5. Nxd4 exd4 6. e5 d5 7. Bb3 Nfd7 8. Qxd4 Nb6 9. Nc3 Be6 10. Be3 Nc6 11. Qf4 Ne7 12. O-O-O Ng6 13. Qg3 c6 14. h4 h5 15. Ne4 Nc8 16. Nc5 Qe7 17. c4 Nb6 18. Nxe6 Qxe6 19. Bxb6 dxc4 20. Rd6 Qg4 21. Qxg4 hxg4 22. Bxc4 axb6 23. e6 f6 24. g3 Ne5 25. Bb3 Ke7 26. Rd2 Rhd8 27. Re2 c5 28. a3 c4 29. Bc2 Kxe6 30. h5 Kf7 31. Rh4 Rd4 32. h6 Rh8 33. h7 g6 34. Re3 Nf3 35. Rxf3 1-0

[Event "Plancoët"]
[Site "?"]
[Date "2002.07.27"]
[Round "1.9"]
[White "Capitaine Adrien"]
[Black "Caillot Arnaud"]
[Result "1-0"]
[WhiteElo "2162"]
[BlackElo "1650"]
[PlyCount "23"]
[EventDate "2002.??.??"]
[Source "www.chesslib.no"]
[SourceDate "2004.05.04"]

1. e4 e5 2. Bc4 Bc5 3. Nc3 a6 4. Nf3 d6 5. d3 h6 6. Ne2 Nf6 7. c3 O-O 8. O-O Bg4 9. Ng3 Nc6 10. h3 Bxf3 11. Qxf3 Ne7 12. Bxh6 1-0

[Event "Rowy/POLEN  (31.08.-09.09)"]
[Site "?"]
[Date "2003.09.03"]
[Round "4.28"]
[White "Stanger Ludwig"]
[Black "Talar Leszek"]
[Result "0-1"]
[WhiteElo "2000"]
[BlackElo "1800"]
[PlyCount "74"]
[EventDate "2003.??.??"]
[Source "www.chesslib.no"]
[SourceDate "2004.05.04"]

1. e4 e5 2. Bc4 Bc5 3. Qe2 Nf6 4. Nc3 Nc6 5. Bxf7+ Kxf7 6. Qc4+ d5 7. Qxc5 d4 8. Nce2 Re8 9. f3 Qe7 10. Qxe7+ Rxe7 11. a3 Be6 12. d3 h6 13. f4 exf4 14. Bxf4 g5 15. Bg3 Rd8 16. Nf3 Bg4 17. O-O Bh5 18. Rae1 Kg7 19. h3 Bxf3 20. gxf3 Nh5 21. Bh2 Rf7 22. f4 Nxf4 23. Bxf4 gxf4 24. Nxf4 Rdd7 25. Re2 Kh7 26. Ref2 Ne5 27. Nd5 Rxf2 28. Rxf2 Rg7+ 29. Kh2 c6 30. Nf6+ Kg6 31. Ng4 Nd7 32. Rg2 Kh7 33. Rf2 c5 34. Nf6+ Nxf6 35. Rxf6 Re7 36. b3 Kg7 37. Rd6 b6 0-1

[Event "It (Open) Mont de Marsan FRA"]
[Site "?"]
[Date "2005.12.26"]
[Round "1"]
[White "Auge Jean"]
[Black "Forgues Valerie"]
[Result "1-0"]
[WhiteElo "1952"]
[BlackElo "1813"]
[PlyCount "125"]
[EventDate "2005.??.??"]
[Source "www.chesslib.no"]
[SourceDate "2004.05.04"]

1. e4 e5 2. Bc4 Bc5 3. Qh5 Qf6 4. Nf3 Nc6 5. Nc3 Nge7 6. d3 Qg6 7. Qxg6 Nxg6 8. Nd5 Bb6 9. Be3 O-O 10. a4 d6 11. b4 Be6 12. Bxb6 cxb6 13. Nc7 Nxb4 14. Nxe6 fxe6 15. Bxe6+ Kh8 16. Bb3 Nf4 17. O-O Rac8 18. Ne1 Rc3 19. f3 Nbxd3 20. Nxd3 Nxd3 21. Rfd1 Nc5 22. Rxd6 Nxb3 23. cxb3 Rxb3 24. Rad1 h6 25. Rd7 Ra3 26. Rxb7 Rxa4 27. Rdd7 Rg8 28. h4 Ra5 29. Kh2 b5 30. Kh3 h5 31. Rd5 Re8 32. Rbxb5 Rxb5 33. Rxb5 Re7 34. g4 hxg4+ 35. Kxg4 Kg8 36. h5 Re6 37. f4 exf4 38. Kxf4 a6 39. Ra5 Kf7 40. e5 Rc6 41. Kf5 g6+ 42. hxg6+ Rxg6 43. Rc5 Re6 44. Rc7+ Re7 45. e6+ Kf8 46. Rc6 Ra7 47. Kf6 Ra8 48. Rc7 a5 49. Rf7+ Kg8 50. Rg7+ Kh8 51. Rg4 Rf8+ 52. Ke7 Rf2 53. Ke8 Re2 54. e7 Kh7 55. Rf4 Kg7 56. Rf7+ Kg8 57. Rf8+ Kg7 58. Kd7 Rd2+ 59. Kc6 Rc2+ 60. Kb5 Rb2+ 61. Kxa5 Ra2+ 62. Kb4 Rb2+ 63. Kc3 1-0

[Event "Zillertal op"]
[Site "Zillertal"]
[Date "1997.??.??"]
[Round "5"]
[White "Bauer, G."]
[Black "Lehner, Erich"]
[Result "0-1"]
[WhiteElo "1820"]
[BlackElo "1915"]
[PlyCount "54"]
[EventDate "1997.??.??"]
[Source "www.chesslib.no"]
[SourceDate "2004.05.04"]

1. e4 e5 2. Bc4 Bc5 3. Nf3 d6 4. c3 Qe7 5. Qe2 Bg4 6. h3 Bh5 7. d3 Nf6 8. Be3 Bxe3 9. Qxe3 O-O 10. Nbd2 Nbd7 11. Nh4 Nb6 12. Nf5 Qd7 13. Nxg7 Kxg7 14. Qg5+ Bg6 15. h4 h6 16. Qe3 Rfe8 17. f4 d5 18. Bb3 Nh5 19. g4 Nxf4 20. O-O-O d4 21. cxd4 Qxd4 22. Qxd4 Ne2+ 23. Kb1 Nxd4 24. h5 Bh7 25. Rhg1 f6 26. Rgf1 Bg8 27. Bxg8 Rxg8 0-1

[Event "Bahn-chT S+W"]
[Site "Friedrichroda"]
[Date "1997.10.28"]
[Round "4.4"]
[White "Matrisch, Gerd"]
[Black "Boeckenhaupt, Rudi"]
[Result "1-0"]
[WhiteElo "1823"]
[BlackElo "1910"]
[PlyCount "41"]
[EventDate "1997.10.25"]
[Source "www.chesslib.no"]
[SourceDate "2004.05.04"]

1. e4 e5 2. Bc4 Bc5 3. Nf3 Qe7 4. O-O Nf6 5. d4 exd4 6. e5 Ng8 7. Bg5 Qf8 8. Nxd4 Ne7 9. Nb5 Bb6 10. Nd6+ cxd6 11. exd6 f6 12. dxe7 Kxe7 13. Bf4 Kd8 14. Bd6 Qe8 15. Re1 Qxe1+ 16. Qxe1 Re8 17. Qd2 Nc6 18. Bf7 Re4 19. Nc3 Rd4 20. Re1 Ne5 21. Rxe5 1-0